Odisea
Guardat en:
| Autor principal: | |
|---|---|
| Format: | Llibre |
| Idioma: | espanyol |
| Publicat: |
Madrid
Edaf
2010
|
| Edició: | 29a. ed |
| Col·lecció: | Biblioteca Edaf, 79
|
| Matèries: | |
| Etiquetes: |
Afegir etiqueta
Sense etiquetes, Sigues el primer a etiquetar aquest registre!
|
MARC
| LEADER | 00000cam a2200000 a 4500 | ||
|---|---|---|---|
| 001 | UCD2574 | ||
| 003 | CL-VaPUC | ||
| 008 | 160428e20101100sp |||||||||||||||||spa|d | ||
| 020 | |a 9788471663948 | ||
| 082 | 0 | 4 | |a 883 |b HOM |2 21 |
| 100 | |a Homero |e autor |9 265577 | ||
| 245 | 1 | 0 | |a Odisea |
| 250 | |a 29a. ed | ||
| 300 | |a 463 p | ||
| 942 | |c BK | ||
| 945 | |d 20160428 21:50:00 |a arojas | ||
| 260 | |a Madrid |b Edaf |c 2010 | ||
| 650 | 7 | |a POESIAS EPICAS GRIEGAS |2 CL-VaPUC |9 265677 | |
| 650 | 7 | |a LITERATURA GRIEGA |2 CL-VaPUC |9 258054 | |
| 583 | |a last modification |c 20160428 21:50:00 |k Rodrigo Vera | ||
| 490 | 0 | |a Biblioteca Edaf, 79 | |
| 999 | |c 363728 |d 363726 | ||
| 952 | |0 0 |1 0 |3 erb |4 0 |6 883_000000000000000_HOM_2010 |7 0 |8 A |9 476393 |a BIBHIS |b BIBHIS |i 528466K |o 883 HOM 2010 |p 528466K |r 2025-01-20 |w 2019-11-24 |y BK |z Catalogado en:20160428 |k HIS | ||